Countries Farther South Than The Equator - Sudden Death - Statistics

General Stats
  • This quiz has been taken 86 times
  • The average score is 10 of 18
Answers on the Grid
Answers color-coded by a green-red scale on the quiz's grid according to % correct below.
Angola
Bangladesh
Brunei
Burundi
Cameroon
Chile
Colombia
Comoros
East Timor
Ecuador
Eswatini
Fiji
Guyana
Honduras
Lesotho
Liberia
Malawi
Maldives
Malta
Mozambique
Namibia
New Zealand
Panama
Philippines
Samoa
Singapore
Taiwan
Thailand
Togo
Uganda
Venezuela
Zambia
 
Answer Stats
Answer % Correct
Angola
83%
Fiji
70%
Mozambique
70%
Namibia
70%
New Zealand
70%
Lesotho
65%
Malawi
65%
Comoros
61%
Eswatini
57%
Chile
52%
Samoa
52%
Zambia
52%
Maldives
43%
Burundi
39%
East Timor
39%
Ecuador
30%
Colombia
26%
Uganda
26%
No matching quizzes found
Score Distribution
Percent of People with Each Score
Percentile by Number Answered
Your Score History
You have not taken this quiz